Loading...
History - American History | 0 | 9 | 0 | 1 | 90 | 34 | 58.11 | 1 | 3 |
History - European History | 0 | 9 | 0 | 0 | 90 | 43 | 64.00 | 1 | 4 |
Mythology | 0 | 7 | 0 | 1 | 70 | 42 | 74.57 | 0 | 2 |
History - Other History | 0 | 5 | 0 | 1 | 50 | 25 | 76.40 | 2 | 2 |
Literature - American Literature | 0 | 5 | 0 | 0 | 50 | 90 | 104.80 | 0 | 0 |
Literature - European Literature | 0 | 4 | 0 | 1 | 40 | 68 | 99.75 | 0 | 1 |
Fine Arts - Classical Music | 0 | 4 | 0 | 0 | 40 | 82 | 100.00 | 0 | 0 |
History - World History | 0 | 4 | 0 | 1 | 40 | 29 | 42.25 | 1 | 2 |
Religion | 0 | 4 | 0 | 0 | 40 | 11 | 55.00 | 2 | 3 |
Literature - World Literature | 0 | 4 | 1 | 0 | 35 | 64 | 92.75 | 0 | 0 |
Current Events | 0 | 2 | 0 | 1 | 20 | 56 | 81.00 | 0 | 0 |
Geography | 0 | 2 | 0 | 1 | 20 | 91 | 91.00 | 0 | 0 |
Literature - British Literature | 0 | 2 | 1 | 0 | 15 | 60 | 64.50 | 0 | 1 |
Philosophy | 0 | 2 | 1 | 1 | 15 | 101 | 102.00 | 0 | 0 |
Fine Arts - Other Fine Arts | 0 | 1 | 0 | 1 | 10 | 109 | 109.00 | 0 | 0 |
Science - Other Science | 0 | 1 | 0 | 1 | 10 | 105 | 105.00 | 0 | 0 |
Social Science | 0 | 1 | 0 | 0 | 10 | 99 | 99.00 | 0 | 0 |
Science - Chemistry | 0 | 0 | 1 | 0 | -5 | 0.00 | 0 | 0 |